Diagnostikovanie vplyvných pozorovaní a overenie predpokladov o náhodnej zložke klasického lineárneho regresného modelu prostredníctvom grafickej analýzy rezíduí

Saved in:
Bibliographic Details
Main Author: Šoltés, Erik, 1974-
Format: Book Chapter
Language:Slovak
Published: Bratislava Katedra štatistiky FHI EU 2008
Subjects:
Tags: Add Tag
No Tags, Be the first to tag this record!

MARC

LEADER 00000naa$a2200000$$$4500
001 0110491
005 20240502072224.0
041 0 |a slo 
044 |a SK 
245 1 0 |a Diagnostikovanie vplyvných pozorovaní a overenie predpokladov o náhodnej zložke klasického lineárneho regresného modelu prostredníctvom grafickej analýzy rezíduí  |c Erik Šoltés 
264 1 |a Bratislava  |b Katedra štatistiky FHI EU  |c 2008 
500 |a Prezentácia 
610 2 0 |a modely regresné 
610 2 0 |a štatistika matematická 
610 2 0 |a modely lineárne 
100 1 |a Šoltés, Erik, 1974-